000
00246nam a2200097Ia 4500
008
230915s9999 xx 000 0 und d
050
_a
KSK.4610.B856
100
_a
BWONWONG'A ,MOMANYI
245
0
_a
PROCEDURES IN CRIMINAL LAW IN KENYA
942
_c
BK
999
_c
61784
_d
61784